Po stopách zvířátek /

Hlavní autor: Mádrová, Jitka
Jazyk: Čeština
Vydáno: [Říčany u Prahy] : Junior, [1999]
Témata:
Fyzický popis: 1 nestránkovaný svazek : barev.il. ; 22 x 22 cm
Knihy
Uloženo v:
LEADER 01217nam a2200373 a 4500
001 000272717
003 CZ BrMZK
005 20250730142324.0
007 ta
008 990305s1999 xr b j cze d
015 |a cnb000655615 
020 |a 80-86090-78-7 
035 |a (OCoLC)43613657 
040 |a BOA001  |b cze 
072 7 |a 821-93  |x Literatura pro děti a mládež (beletrie)  |2 Konspekt  |9 26 
080 |a 821-32  |2 MRF 
080 |a 821-93  |2 MRF 
080 |a 592/599  |2 MRF 
080 |a (0:82-32)  |2 MRF 
100 1 |a Mádrová, Jitka  |7 pag2012682438  |4 aut 
245 1 0 |a Po stopách zvířátek /  |c [Jitka Mádrová]. 
260 |a [Říčany u Prahy] :  |b Junior,  |c [1999] 
300 |a 1 nestránkovaný svazek :  |b barev.il. ;  |c 22 x 22 cm 
500 |a Náz. vzat z obálky 
650 0 7 |a zvířata  |7 ph116793  |2 czenas 
650 0 9 |a animals  |2 eczenas 
655 7 |a příběhy  |7 fd133204  |2 czenas 
655 7 |a publikace pro děti  |7 fd133156  |2 czenas 
655 9 |a stories  |2 eczenas 
655 9 |a children's literature  |2 eczenas 
765 0 |t Sur les traces de . 
910 |a BOA001  |b 2-1062.752 
990 |a BK 
996 6 |b 2610098620  |c 2-1062.752  |l MZK  |r Sklad / do 1 hodiny  |n 4  |p p.v.  |w 000272717  |u 000010  |a 1  |e BOA001  |j MZK50  |s P